[Event "25th European Teams Women"]
[Site "Batumi GEO"]
[Date "2025.10.07"]
[Round "3.15"]
[Board "1"]
[White "Khukhashvili, Sopiko"]
[Black "Valcu, Lavinia"]
[Result "1-0"]
[WhiteTitle "IM"]
[WhiteElo "2304"]
[BlackElo "2223"]
[WhiteTeam "Georgia 2"]
[BlackTeam "Sweden"]
[WhiteFideId "13602055"]
[BlackFideId "1752197"]
[EventDate "2025.10.05"]

1. e4 e5 2. Nf3 Nc6 3. Bc4 Nf6 4. d3 Bc5 5. O-O d6 6. c3 a5 7. h3 Ba7 8. Re1 h6
9. d4 Qe7 10. Nh4 g6 11. Na3 Bd7 12. Nb5 Bb6 13. b3 O-O-O 14. Bf1 Rdg8 15. g3
Nh5 16. Be3 exd4 17. Nxd4 Ne5 18. Bg2 Kb8 19. Qd2 c5 20. Nc2 Bc7 21. Rad1 f5 22.
exf5 gxf5 23. Bf4 Nxf4 24. Qxf4 Qg5 25. Kh2 Bc6 26. Bd5 Rf8 27. Ne3 Rf6 28. Re2
Rhf8 29. c4 Qh5 30. Red2 Qg5 31. Neg2 Qh5 32. a3 Qg5 33. Rb1 Bxd5 34. Rxd5 Nc6
35. Nf3 Qg7 36. Qd2 Ne7 37. Rd3 Ng6 38. b4 f4 39. bxc5 fxg3+ 40. fxg3 Rxf3 41.
Rxf3 dxc5 42. Rfb3 b6 43. Rxb6+ Kc8 44. Qd5 Ne5 45. Ra6 Nd7 46. Ra8+ Bb8 47.
Qb7+ Kd8 48. Rxb8+ Ke7 49. Qxd7+ Kxd7 50. R8b7+ 1-0

[Event "25th European Teams Women"]
[Site "Batumi GEO"]
[Date "2025.10.07"]
[Round "3.15"]
[Board "2"]
[White "Ostensson, Julia"]
[Black "Purtseladze, Maka"]
[Result "0-1"]
[BlackTitle "IM"]
[WhiteElo "1994"]
[BlackElo "2261"]
[WhiteTeam "Sweden"]
[BlackTeam "Georgia 2"]
[WhiteFideId "1747703"]
[BlackFideId "13602659"]
[EventDate "2025.10.05"]

1. d4 Nf6 2. c4 e6 3. Nf3 b6 4. g3 Bb4+ 5. Bd2 c5 6. Bg2 Bb7 7. O-O O-O 8. d5
Bxd2 9. Nfxd2 exd5 10. Nc3 d6 11. cxd5 Na6 12. e4 Nc7 13. a4 Ba6 14. Re1 Nd7 15.
Qb3 Ne5 16. f4 Nd3 17. Re3 Re8 18. Na2 c4 19. Nxc4 Nc5 20. Qc2 Nxd5 21. Ree1
Bxc4 22. Qxc4 Nc7 23. Rad1 Rc8 24. Nc3 Qe7 25. b4 Nxa4 26. Nxa4 b5 27. Qc6 bxa4
28. Qxa4 Ne6 29. Qa6 Red8 30. Re2 Rb8 31. Ra2 Rd7 32. e5 dxe5 33. Rxd7 Qxd7 34.
fxe5 Qd4+ 35. Kh1 Qxb4 36. h3 Qe1+ 37. Qf1 Qxg3 38. Rxa7 Qg6 39. Kh2 Qh5 40. Ra5
Rd8 41. Qf2 Qg5 42. Qg3 Qd2 43. Ra4 h6 44. Qf3 Ng5 45. Qf5 Qe3 46. Ra2 Re8 47.
Ra5 Ne6 48. Rd5 Qf4+ 49. Qxf4 Nxf4 50. Ra5 Ng6 51. Ra8 Rxa8 52. Bxa8 Nxe5 53.
Kg3 g5 54. Be4 Kg7 55. Bc2 Kf6 56. Bb3 h5 57. Ba2 h4+ 58. Kg2 Kf5 59. Bb3 Kf4 0-1

[Event "25th European Teams Women"]
[Site "Batumi GEO"]
[Date "2025.10.07"]
[Round "3.15"]
[Board "3"]
[White "Gvetadze, Sofio"]
[Black "Wickstrom, Carina"]
[Result "1-0"]
[WhiteTitle "IM"]
[WhiteElo "2298"]
[BlackElo "1915"]
[WhiteTeam "Georgia 2"]
[BlackTeam "Sweden"]
[WhiteFideId "13601440"]
[BlackFideId "1743201"]
[EventDate "2025.10.05"]

1. e4 c6 2. d4 d5 3. Nc3 dxe4 4. Nxe4 Nf6 5. Ng3 h5 6. h4 c5 7. Nf3 Bg4 8. Be2
e6 9. O-O Qc7 10. Re1 Nc6 11. c3 Bd6 12. Nf1 cxd4 13. Nxd4 Nxd4 14. cxd4 Bxe2
15. Qxe2 Nd5 16. Bg5 Be7 17. Ne3 Nxe3 18. Qxe3 Rd8 19. Rac1 Qd7 20. d5 Qxd5 21.
Bxe7 Kxe7 22. Qa3+ Kf6 23. Rc5 Qd3 24. Rc3 Qd5 25. Rf3+ Kg6 26. Qxa7 Ra8 27. Qe3
Rxa2 28. Rg3+ Kh7 29. Rg5 Qc6 30. Rc1 Qd7 31. Rxh5+ Kg8 32. Qd4 Qe8 33. Rg5 g6
34. h5 Rxh5 35. Rxh5 gxh5 36. Rc3 Ra1+ 37. Kh2 e5 38. Rg3+ Kf8 39. Qd6+ Qe7 40.
Qb8+ Qe8 41. Rg8+ Kxg8 42. Qxe8+ 1-0

[Event "25th European Teams Women"]
[Site "Batumi GEO"]
[Date "2025.10.07"]
[Round "3.15"]
[Board "4"]
[White "Andersson, Elsa"]
[Black "Koridze, Lile"]
[Result "0-1"]
[BlackTitle "WFM"]
[WhiteElo "1880"]
[BlackElo "2104"]
[WhiteTeam "Sweden"]
[BlackTeam "Georgia 2"]
[WhiteFideId "1757300"]
[BlackFideId "13612514"]
[EventDate "2025.10.05"]

1. e4 c5 2. Nf3 d6 3. d4 cxd4 4. Nxd4 Nf6 5. Nc3 a6 6. f3 e5 7. Nb3 Be6 8. Be3
h5 9. Qd2 Nbd7 10. O-O-O b5 11. Nd5 Bxd5 12. exd5 g6 13. Kb1 Qc7 14. Qa5 Qb7 15.
Qd2 Nb6 16. Na5 Qc7 17. Bxb6 Qxb6 18. Nc6 Bh6 19. Qa5 Qb7 20. c4 bxc4 21. Bxc4
O-O 22. Rd3 e4 23. Rb3 Qd7 24. Rb6 exf3 25. gxf3 Qf5+ 26. Ka1 Qxf3 27. Rf1 Qe4
28. Bxa6 Bg7 29. Re1 Qc2 30. Ne7+ Kh7 31. Qb4 Rfe8 32. Qc4 Qf2 0-1

[Event "25th European Teams Women"]
[Site "Batumi GEO"]
[Date "2025.10.07"]
[Round "3.16"]
[Board "1"]
[White "Dornbusch, Tatiana"]
[Black "Zherebtsova, Alexandra"]
[Result "1/2-1/2"]
[WhiteTitle "WGM"]
[BlackTitle "FM"]
[WhiteElo "2240"]
[BlackElo "2279"]
[WhiteTeam "Monaco"]
[BlackTeam "Montenegro"]
[WhiteFideId "14107449"]
[BlackFideId "24129518"]
[EventDate "2025.10.05"]

1. d4 Nf6 2. Nf3 e6 3. g3 b5 4. a4 b4 5. Bg2 Bb7 6. c4 c5 7. O-O cxd4 8. Nxd4
Bxg2 9. Kxg2 Qc8 10. b3 Be7 11. Nd2 Nc6 12. Bb2 Nxd4 13. Bxd4 Qb7+ 14. Kg1 h5
15. e3 Rc8 16. Qf3 Qxf3 17. Nxf3 Bc5 18. Bxf6 gxf6 19. Rfd1 Ke7 20. Ra2 Rc7 21.
Rad2 a6 22. h4 f5 23. Ne5 Rd8 24. Nd3 Bd6 25. Rc1 Rdc8 26. Rdc2 Bc5 27. Nf4 Rh8
28. Kg2 Bd6 29. Nd3 Bc5 30. Rd1 d6 31. Rcd2 Rd8 32. Kf3 a5 33. Kf4 Bb6 34. Kf3
Bc5 35. Nf4 Rh8 36. Ke2 Rc6 37. Nd3 Rd8 38. Nf4 Rh8 39. Nd3 Rd8 40. Ne5 Rc7 41.
Kf3 Rcc8 42. Nd3 Rc7 1/2-1/2

[Event "25th European Teams Women"]
[Site "Batumi GEO"]
[Date "2025.10.07"]
[Round "3.16"]
[Board "2"]
[White "Skvortsova, Alena"]
[Black "Zvereva, Marija"]
[Result "0-1"]
[WhiteTitle "WFM"]
[BlackTitle "WIM"]
[WhiteElo "2166"]
[BlackElo "2003"]
[WhiteTeam "Montenegro"]
[BlackTeam "Monaco"]
[WhiteFideId "24166251"]
[BlackFideId "4121082"]
[EventDate "2025.10.05"]

1. e4 c5 2. Nf3 e6 3. b3 Nc6 4. Bb2 Nge7 5. g3 a6 6. Bg2 d6 7. d4 cxd4 8. Nxd4
Nxd4 9. Qxd4 Nc6 10. Qd2 Qc7 11. O-O h5 12. Rd1 e5 13. h3 Be6 14. c4 g6 15. Nc3
Rd8 16. Ne2 Bh6 17. Qd3 Qd7 18. Kh2 h4 19. g4 f5 20. exf5 gxf5 21. f4 fxg4 22.
hxg4 h3 23. Bf3 Rg8 24. g5 Bg7 25. Bh5+ Ke7 26. Rf1 Rdf8 27. Rae1 Bf5 28. Qd2
Kd8 29. Ng3 exf4 30. Nxf5 Bxb2 31. Nxd6 Bd4 32. Ne4 Qf5 33. Qe2 Kc7 34. Rd1 Be5
35. Bf3 Nd4 36. Qf2 Rd8 37. Rfe1 Rge8 38. Kh1 Nxf3 39. Qxf3 Bd4 40. Nf6 Rxe1+
41. Rxe1 Bxf6 42. gxf6 Qxf6 43. Re4 Rd2 44. Qxf4+ Qxf4 45. Rxf4 Rxa2 46. Rh4 h2
47. b4 Rb2 48. c5 Rc2 49. Rh7+ Kb8 50. Rh4 Ka7 51. Rh7 a5 52. bxa5 Rxc5 53. Kxh2
Rxa5 54. Kg3 Rf5 55. Rh1 b5 56. Kg4 Rf6 57. Ra1+ Kb6 58. Rb1 Kc5 59. Rc1+ Kd4
60. Rb1 Kc4 61. Rc1+ Kd3 62. Rb1 Rb6 63. Kf3 b4 64. Rd1+ Kc2 65. Rd8 Rc6 66. Ke2
Re6+ 67. Kf2 b3 68. Rc8+ Kb1 69. Kf3 b2 0-1

[Event "25th European Teams Women"]
[Site "Batumi GEO"]
[Date "2025.10.07"]
[Round "3.16"]
[Board "3"]
[White "Dubois, Martine"]
[Black "Milovic, Aleksandra"]
[Result "0-1"]
[WhiteTitle "WIM"]
[BlackTitle "WIM"]
[WhiteElo "1891"]
[BlackElo "2050"]
[WhiteTeam "Monaco"]
[BlackTeam "Montenegro"]
[WhiteFideId "601926"]
[BlackFideId "933988"]
[EventDate "2025.10.05"]

1. e4 c5 2. c3 Nf6 3. e5 Nd5 4. d4 cxd4 5. cxd4 Nc6 6. Nf3 d6 7. Bc4 Nb6 8. Bb3
dxe5 9. d5 Na5 10. Nc3 f6 11. Be3 Kf7 12. O-O Nxb3 13. axb3 Bd7 14. Re1 g6 15.
g4 Nc8 16. Na4 b6 17. h4 Nd6 18. h5 gxh5 19. gxh5 Rg8+ 20. Kh1 Bg4 21. Rg1 Qd7
22. Bg5 Bxf3+ 23. Qxf3 e4 24. Qe3 Qf5 25. Bf4 Bh6 26. Bxd6 Bxe3 0-1

[Event "25th European Teams Women"]
[Site "Batumi GEO"]
[Date "2025.10.07"]
[Round "3.16"]
[Board "4"]
[White "Djukic, Katarina"]
[Black "Berezovska, Svetlana"]
[Result "1-0"]
[BlackTitle "WCM"]
[WhiteElo "1844"]
[BlackElo "1874"]
[WhiteTeam "Montenegro"]
[BlackTeam "Monaco"]
[WhiteFideId "16508874"]
[BlackFideId "5400740"]
[EventDate "2025.10.05"]

1. e4 c5 2. Nf3 e6 3. d4 cxd4 4. Nxd4 a6 5. Bd3 Bc5 6. Nb3 Ba7 7. Qe2 Nc6 8. Be3
Bxe3 9. Qxe3 e5 10. Nc3 d6 11. Nd5 Be6 12. Qg3 Kf8 13. c4 Rc8 14. O-O h5 15. f4
h4 16. Qf2 Nf6 17. Nxf6 Qxf6 18. f5 Bd7 19. c5 Nb4 20. Be2 Ba4 21. Rad1 Bxb3 22.
Rxd6 Qg5 23. axb3 Nc6 24. Bc4 Rc7 25. f6 h3 26. fxg7+ Qxg7 27. Rf6 Nd8 28. g3
Rh6 29. Qd2 Ke8 30. Qxh6 Qg4 31. Qh8+ Kd7 32. Rd6+ 1-0

[Event "25th European Teams Women"]
[Site "Batumi GEO"]
[Date "2025.10.07"]
[Round "3.17"]
[Board "1"]
[White "Paasikangas, Johanna"]
[Black "Ivekovic, Tihana"]
[Result "1-0"]
[WhiteTitle "FM"]
[BlackTitle "WFM"]
[WhiteElo "2106"]
[BlackElo "2078"]
[WhiteTeam "Finland"]
[BlackTeam "Croatia"]
[WhiteFideId "500879"]
[BlackFideId "14517825"]
[EventDate "2025.10.05"]

1. e4 e5 2. Nf3 Nc6 3. Bc4 Bc5 4. c3 Nf6 5. d3 a5 6. O-O d6 7. Nbd2 O-O 8. Re1
Be6 9. Bb3 Bxb3 10. Qxb3 Qd7 11. a4 Rfe8 12. Nf1 Bb6 13. Ng3 d5 14. Bg5 dxe4 15.
dxe4 Ng4 16. Re2 h6 17. Bd2 Rad8 18. h3 Nf6 19. Nf5 Qe6 20. Qxe6 Rxe6 21. g4 Ne8
22. Be3 Bxe3 23. Nxe3 f6 24. Rb1 Kf7 25. h4 Nd6 26. Nd2 g6 27. f3 Ne8 28. Kf2
Nd6 29. Nd5 Ne8 30. Nc4 b6 31. h5 Ne7 32. Nxe7 Rxe7 33. hxg6+ Kxg6 34. Ne3 Nd6
35. Nd5 Red7 36. Kg3 Nf7 37. Rh1 Rb8 38. Reh2 c6 39. Ne3 Rbd8 40. Nf5 Rh8 41. b4
Ra7 42. bxa5 Rxa5 43. Rb1 Rxa4 44. Rxb6 Rc4 45. Rc2 Re8 46. Rb7 Rf8 47. Rh2 Rxc3
48. Rxh6+ Kg5 49. Rh7 1-0

[Event "25th European Teams Women"]
[Site "Batumi GEO"]
[Date "2025.10.07"]
[Round "3.17"]
[Board "2"]
[White "Zagorac, Lara"]
[Black "Tuominen, Tanja"]
[Result "0-1"]
[WhiteTitle "WFM"]
[BlackTitle "WIM"]
[WhiteElo "2074"]
[BlackElo "2025"]
[WhiteTeam "Croatia"]
[BlackTeam "Finland"]
[WhiteFideId "14580250"]
[BlackFideId "502340"]
[EventDate "2025.10.05"]

1. d4 d5 2. c4 c6 3. Nf3 Nf6 4. Nc3 e6 5. e3 Nbd7 6. Qc2 Bd6 7. Be2 O-O 8. O-O
dxc4 9. Bxc4 b5 10. Bd3 Bb7 11. e4 e5 12. d5 b4 13. dxc6 Bxc6 14. Nb5 Bc5 15. a3
b3 16. Qe2 Qb6 17. Nc3 Rfe8 18. Bg5 h6 19. Bh4 Bd4 20. Rac1 Rad8 21. Nd2 g5 22.
Bg3 Nc5 23. Bb1 Bxc3 24. bxc3 b2 25. Rce1 Bb5 26. c4 Rxd2 27. Qxd2 Bxc4 28. h4
Nh5 29. Qe3 Nf4 30. Bxf4 gxf4 31. Qh3 Bxf1 32. Rxf1 Re6 33. Ba2 Rg6 34. Qf5 Ne6
35. Qxe5 Qd4 36. Qxd4 Nxd4 37. Rd1 Ne2+ 38. Kf1 Nc3 39. Rd8+ Kg7 40. Rb8 Rb6 0-1

[Event "25th European Teams Women"]
[Site "Batumi GEO"]
[Date "2025.10.07"]
[Round "3.17"]
[Board "3"]
[White "Lehtinen, Helja"]
[Black "Radikovic, Anamarija"]
[Result "1-0"]
[BlackTitle "WFM"]
[WhiteElo "1953"]
[BlackElo "2053"]
[WhiteTeam "Finland"]
[BlackTeam "Croatia"]
[WhiteFideId "515566"]
[BlackFideId "14546264"]
[EventDate "2025.10.05"]

1. d4 d5 2. c4 dxc4 3. e3 a6 4. Bxc4 e6 5. Nf3 Nf6 6. O-O b5 7. Bd3 Bb7 8. Qe2
c5 9. a4 c4 10. Bc2 Nc6 11. b3 cxb3 12. Bxb3 Na5 13. Nbd2 b4 14. Bb2 Nxb3 15.
Nxb3 Qd5 16. Nbd2 Bd6 17. Rfc1 O-O 18. Nc4 Rac8 19. Nxd6 Qxd6 20. Nd2 Rxc1+ 21.
Rxc1 Qd5 22. f3 Qa2 23. Nc4 Rc8 24. Qf1 Qxa4 25. Nd6 Rxc1 26. Qxc1 Bc6 27. e4 h5
28. h4 Bd7 29. d5 exd5 30. e5 Ne8 31. Qg5 Qd1+ 32. Kh2 Qe2 33. e6 Qxe6 34. Nxe8 1-0

[Event "25th European Teams Women"]
[Site "Batumi GEO"]
[Date "2025.10.07"]
[Round "3.17"]
[Board "4"]
[White "Hajdinic, Ema"]
[Black "Rinne, Heini"]
[Result "1-0"]
[WhiteTitle "WCM"]
[WhiteElo "2058"]
[BlackElo "1887"]
[WhiteTeam "Croatia"]
[BlackTeam "Finland"]
[WhiteFideId "14567059"]
[BlackFideId "513423"]
[EventDate "2025.10.05"]

1. e4 c6 2. d4 d5 3. f3 Qb6 4. Nc3 dxe4 5. fxe4 e5 6. Nf3 exd4 7. Nxd4 h5 8. Bc4
Bg4 9. Qd3 Nd7 10. Bf4 Nh6 11. h3 Nc5 12. Qe3 Be6 13. Nxe6 Nxe6 14. Bxe6 Qxe3+
15. Bxe3 fxe6 16. O-O-O Be7 17. Ne2 Nf7 18. h4 e5 19. Ng1 Nd6 20. Nf3 Nxe4 21.
Nxe5 O-O 22. Rd7 Bf6 23. Ng6 Rf7 24. Rhd1 b6 25. Nf4 Bxh4 26. Rxf7 Kxf7 27. Rd7+
Be7 28. Nxh5 Rh8 29. Nf4 Rh1+ 30. Rd1 Rxd1+ 31. Kxd1 Bf6 32. c3 g5 33. Nd3 Ke6
34. Ke2 c5 35. Kf3 Nd6 36. Kg4 Nf7 37. a4 Nh6+ 38. Kh5 Nf7 39. Nf2 Kf5 40. g4+
Ke6 41. Ne4 a6 42. Nxg5+ Bxg5 43. Bxg5 b5 44. Be3 Kd5 45. axb5 axb5 46. g5 Nxg5
47. Kxg5 Kc4 48. Kf5 b4 49. cxb4 Kxb4 50. Bd2+ Kc4 51. Ke4 Kb3 52. Bc3 Kc4 53.
Ke5 Kb5 54. Kd5 Kb6 1-0

[Event "25th European Teams Women"]
[Site "Batumi GEO"]
[Date "2025.10.07"]
[Round "3.18"]
[Board "1"]
[White "Rutherford, Kathleen"]
[Black "Pipiras, Filipa Fortuna"]
[Result "0-1"]
[BlackTitle "FM"]
[WhiteElo "1806"]
[BlackElo "2273"]
[WhiteTeam "Scotland"]
[BlackTeam "Portugal"]
[WhiteFideId "2404117"]
[BlackFideId "1944894"]
[EventDate "2025.10.05"]

1. e4 c5 2. Nc3 Nc6 3. Bb5 Nd4 4. Nf3 e6 5. O-O a6 6. Bd3 Nc6 7. Be2 g5 8. d3 g4
9. Nd2 h5 10. a4 d5 11. exd5 exd5 12. Re1 Be6 13. Nf1 Qd7 14. a5 Bd6 15. Na4 Qc7
16. Nb6 Rd8 17. Bd2 Nge7 18. Bc3 Nd4 19. Ra4 Nxe2+ 20. Qxe2 d4 21. Bd2 h4 22. c3
h3 23. cxd4 hxg2 24. Ng3 Qc6 25. dxc5 Bxg3 26. fxg3 Qxc5+ 27. Be3 Qh5 28. Qxg2
Rxd3 29. Bd4 Rh7 30. Bc3 Qc5+ 31. Kh1 Rf3 32. Bd4 Qc6 33. Kg1 Kf8 34. Rea1 Nf5
35. Be5 Qc5+ 36. Kh1 Qxe5 37. Rxg4 Nxg3+ 38. Rxg3 Rxg3 39. Qxb7 Rg6 40. Qa8+ Kg7 0-1

[Event "25th European Teams Women"]
[Site "Batumi GEO"]
[Date "2025.10.07"]
[Round "3.18"]
[Board "2"]
[White "Silva, Mariana"]
[Black "Donitova-Johnstone, Darima"]
[Result "1-0"]
[WhiteTitle "WFM"]
[WhiteElo "2090"]
[BlackElo "1800"]
[WhiteTeam "Portugal"]
[BlackTeam "Scotland"]
[WhiteFideId "1911899"]
[BlackFideId "2410036"]
[EventDate "2025.10.05"]

1. d4 Nf6 2. c4 e6 3. Nc3 d5 4. cxd5 Nxd5 5. e4 Nxc3 6. bxc3 c5 7. Rb1 cxd4 8.
cxd4 Be7 9. Nf3 O-O 10. Be2 Nc6 11. O-O Qa5 12. Qb3 b6 13. d5 exd5 14. exd5 Nd8
15. Bf4 Nb7 16. Ne5 Bf5 17. Nc6 Qa3 18. Rbd1 Qxb3 19. Nxe7+ Kh8 20. axb3 Bc2 21.
Rd2 Bxb3 22. d6 Nc5 23. Bf3 Rad8 24. Be3 Ne6 25. Ra1 Rd7 26. Bc6 Rfd8 27. Bxd7
Rxd7 28. Nc6 a5 29. Bxb6 a4 30. Ne5 Rb7 31. d7 h6 32. d8=Q+ Nxd8 33. Rxd8+ Kh7
34. Be3 f6 35. Nd7 Bc2 36. h4 Rb4 37. h5 Rh4 38. Nf8+ Kg8 39. Ng6+ Kf7 40. Nxh4 1-0

[Event "25th European Teams Women"]
[Site "Batumi GEO"]
[Date "2025.10.07"]
[Round "3.18"]
[Board "3"]
[White "Reid, Caitlin"]
[Black "Valente, Sofia"]
[Result "1-0"]
[BlackTitle "WCM"]
[WhiteElo "1652"]
[BlackElo "1927"]
[WhiteTeam "Scotland"]
[BlackTeam "Portugal"]
[WhiteFideId "2405059"]
[BlackFideId "1953494"]
[EventDate "2025.10.05"]

1. e4 c5 2. Nf3 Nc6 3. Bc4 g6 4. d4 cxd4 5. Nxd4 Bg7 6. c3 Nxd4 7. cxd4 Qb6 8.
Qf3 e6 9. d5 Qa5+ 10. Bd2 Qc5 11. Qb3 Bd4 12. O-O Nf6 13. Bb4 Qb6 14. Nd2 Ng4
15. Nf3 Bxf2+ 16. Kh1 Be3 17. Qc3 Rg8 18. Rae1 Nf2+ 19. Rxf2 Bxf2 20. Rf1 a5 21.
Ba3 h6 22. Qf6 Bc5 23. Ne5 Rf8 24. Nxf7 exd5 25. Qxb6 Bxb6 26. Nd6+ Kd8 27.
Rxf8+ Kc7 28. exd5 1-0

[Event "25th European Teams Women"]
[Site "Batumi GEO"]
[Date "2025.10.07"]
[Round "3.18"]
[Board "4"]
[White "Almeida, Marta Dias"]
[Black "McCusker, Kirsty"]
[Result "1-0"]
[WhiteTitle "WCM"]
[WhiteElo "1925"]
[BlackElo "1543"]
[WhiteTeam "Portugal"]
[BlackTeam "Scotland"]
[WhiteFideId "1956060"]
[BlackFideId "2404397"]
[EventDate "2025.10.05"]

1. d4 Nf6 2. c4 e6 3. Nf3 b6 4. a3 Bb7 5. Nc3 d5 6. Bg5 Be7 7. e3 O-O 8. Bd3
Nbd7 9. cxd5 Nxd5 10. Bxe7 Qxe7 11. Nxd5 Bxd5 12. Qc2 h6 13. e4 Bb7 14. Qxc7 Bc8
15. Bb5 a6 16. Bc6 Rb8 17. Bxd7 Bxd7 18. Ne5 Rfd8 19. Nc6 Qh4 20. Nxd8 Rxd8 21.
O-O Bb5 22. Rfd1 Rd7 23. Qe5 Qe7 24. Rac1 Ba4 25. Rd3 Rd8 26. d5 Qe8 27. Rg3 g6
28. dxe6 Qe7 29. h3 Bb3 30. exf7+ Qxf7 31. Rc7 Qe6 32. Qg7# 1-0

[Event "25th European Teams Women"]
[Site "Batumi GEO"]
[Date "2025.10.08"]
[Round "4.1"]
[Board "1"]
[White "Kashlinskaya, Alina"]
[Black "Stefanova, Antoaneta"]
[Result "1-0"]
[WhiteTitle "IM"]
[BlackTitle "GM"]
[WhiteElo "2450"]
[BlackElo "2393"]
[WhiteTeam "Poland"]
[BlackTeam "Bulgaria"]
[WhiteFideId "4198026"]
[BlackFideId "2902257"]
[EventDate "2025.10.05"]

1. e4 e5 2. Nf3 Nc6 3. Bb5 g6 4. O-O Bg7 5. c3 a6 6. Ba4 b5 7. Bb3 Nf6 8. d4 Qe7
9. a4 b4 10. cxb4 O-O 11. Nxe5 Nxe5 12. dxe5 Qxe5 13. Nc3 c6 14. Be3 d6 15. Bd4
Qe7 16. Re1 Rb8 17. e5 Ng4 18. e6 f5 19. Bxg7 Kxg7 20. b5 c5 21. Qd2 Bb7 22. Bd5
Bc8 23. a5 f4 24. b6 Ne5 25. Ne4 Rf5 26. Ra3 f3 27. Ng3 Rf6 28. Qg5 Kf8 29. Rxe5
dxe5 30. Qxe5 Rb7 31. Rxf3 Kg7 32. Ne4 1-0

[Event "25th European Teams Women"]
[Site "Batumi GEO"]
[Date "2025.10.08"]
[Round "4.1"]
[Board "2"]
[White "Salimova, Nurgyul"]
[Black "Maltsevskaya, Aleksandra"]
[Result "1/2-1/2"]
[WhiteTitle "IM"]
[BlackTitle "IM"]
[WhiteElo "2385"]
[BlackElo "2394"]
[WhiteTeam "Bulgaria"]
[BlackTeam "Poland"]
[WhiteFideId "2915138"]
[BlackFideId "24174041"]
[EventDate "2025.10.05"]

1. d4 Nf6 2. Bg5 e6 3. Nd2 d5 4. e3 c5 5. Ngf3 Nbd7 6. Bd3 h6 7. Bf4 Be7 8. h3
c4 9. Be2 b5 10. O-O Bb7 11. c3 O-O 12. Qc2 Qb6 13. b3 Rfc8 14. bxc4 bxc4 15.
Rab1 Qa6 16. Ne5 Nxe5 17. Bxe5 Bc6 18. Bxf6 Bxf6 19. f4 Rab8 20. Nf3 Qa3 21. Ne5
Ba4 22. Qd2 Bd8 23. f5 f6 24. Ng6 Ba5 25. Rbc1 exf5 26. Bf3 Rd8 27. Qe2 Kh7 28.
Nf4 Bxc3 29. Nxd5 Bb2 30. Rxc4 Bb5 31. Qc2 Bxc4 32. Qxf5+ g6 33. Nxf6+ Kg7 34.
Nh5+ Kh7 35. Nf6+ Kg7 36. Nh5+ Kh7 37. Nf6+ Kg7 1/2-1/2

[Event "25th European Teams Women"]
[Site "Batumi GEO"]
[Date "2025.10.08"]
[Round "4.1"]
[Board "3"]
[White "Kiolbasa, Oliwia"]
[Black "Krasteva, Beloslava"]
[Result "1-0"]
[WhiteTitle "IM"]
[BlackTitle "FM"]
[WhiteElo "2388"]
[BlackElo "2316"]
[WhiteTeam "Poland"]
[BlackTeam "Bulgaria"]
[WhiteFideId "1154613"]
[BlackFideId "2922029"]
[EventDate "2025.10.05"]

1. e4 c5 2. Nf3 e6 3. d4 cxd4 4. Qxd4 Nc6 5. Qe3 Nf6 6. Nc3 d5 7. exd5 Nxd5 8.
Nxd5 Qxd5 9. Bd3 Bc5 10. Qe2 Bd7 11. Be4 Qd6 12. O-O Qc7 13. c3 Ne7 14. Rd1 Bc6
15. Ng5 Bxe4 16. Nxe4 O-O 17. b4 Bb6 18. c4 a5 19. c5 Ba7 20. Rd3 axb4 21. Rh3
Rfd8 22. Bb2 Rd5 23. Rg3 Ng6 24. h4 h5 25. Ng5 Qxc5 26. Rf1 Nf4 27. Qe4 Rf5 28.
Rf3 Ng6 29. Nxe6 fxe6 30. Qxe6+ Kh7 31. Rxf5 1-0

[Event "25th European Teams Women"]
[Site "Batumi GEO"]
[Date "2025.10.08"]
[Round "4.1"]
[Board "4"]
[White "Toncheva, Nadya"]
[Black "Kulon, Klaudia"]
[Result "1-0"]
[WhiteTitle "FM"]
[BlackTitle "IM"]
[WhiteElo "2332"]
[BlackElo "2336"]
[WhiteTeam "Bulgaria"]
[BlackTeam "Poland"]
[WhiteFideId "2924056"]
[BlackFideId "1131044"]
[EventDate "2025.10.05"]

1. d4 Nf6 2. c4 e6 3. Nc3 d5 4. cxd5 Nxd5 5. e4 Nxc3 6. bxc3 c5 7. Rb1 Be7 8.
Nf3 O-O 9. h4 b6 10. h5 h6 11. Rh3 Nd7 12. Rg3 Kh8 13. Qd2 cxd4 14. cxd4 Bb7 15.
Rxg7 Kxg7 16. Qxh6+ Kg8 17. Rb3 Rc8 18. Bf4 Bxe4 19. Nd2 Rc1+ 20. Ke2 Bh4 21.
Nxe4 Rc2+ 22. Kd1 Rxa2 23. Bd3 Ra1+ 24. Kc2 Re8 25. Ng5 Bxg5 26. Qh7+ Kf8 27.
Bd6+ 1-0

[Event "25th European Teams Women"]
[Site "Batumi GEO"]
[Date "2025.10.08"]
[Round "4.2"]
[Board "1"]
[White "Wagner, Dinara"]
[Black "Fataliyeva, Ulviyya"]
[Result "1/2-1/2"]
[WhiteTitle "IM"]
[BlackTitle "IM"]
[WhiteElo "2410"]
[BlackElo "2410"]
[WhiteTeam "Germany"]
[BlackTeam "Azerbaijan"]
[WhiteFideId "24157570"]
[BlackFideId "13403052"]
[EventDate "2025.10.05"]

1. d4 d5 2. c4 e6 3. Nf3 Nf6 4. Nc3 Be7 5. Bg5 h6 6. Bxf6 Bxf6 7. e3 O-O 8. Rc1
dxc4 9. Bxc4 Nd7 10. Ne4 c5 11. Nxf6+ Qxf6 12. Bb5 cxd4 13. Qxd4 Qxd4 14. Nxd4
Rd8 15. Ke2 e5 16. Nb3 Nb6 17. Nc5 Kf8 18. a3 Rb8 19. Rc3 a6 20. Bd3 Nd5 21. Rb3
a5 22. Be4 b6 23. Rd1 bxc5 24. Rxd5 Ba6+ 25. Kf3 Rxb3 26. Rxd8+ Ke7 27. Rd5 Bb7
28. Rxc5 Bxe4+ 29. Kxe4 Rxb2 30. Rxe5+ Kd6 31. Rf5 Ke6 32. g4 a4 33. Ra5 Rxf2
34. h4 g6 35. h5 gxh5 36. gxh5 Rh2 37. Ra6+ Ke7 38. Rxh6 Ra2 39. Ra6 Rxa3 40. h6
Ra1 41. Kf3 Rh1 42. Rxa4 1/2-1/2

[Event "25th European Teams Women"]
[Site "Batumi GEO"]
[Date "2025.10.08"]
[Round "4.2"]
[Board "2"]
[White "Balajayeva, Khanim"]
[Black "Klek, Hanna Marie"]
[Result "1/2-1/2"]
[WhiteTitle "IM"]
[BlackTitle "WGM"]
[WhiteElo "2351"]
[BlackElo "2328"]
[WhiteTeam "Azerbaijan"]
[BlackTeam "Germany"]
[WhiteFideId "13406396"]
[BlackFideId "24670057"]
[EventDate "2025.10.05"]

1. e4 e5 2. Nf3 Nc6 3. Bb5 a6 4. Ba4 Nf6 5. O-O Be7 6. Re1 b5 7. Bb3 d6 8. c3
O-O 9. h3 Bb7 10. d4 Re8 11. Nbd2 Bf8 12. a3 h6 13. Bc2 Nb8 14. b4 Nbd7 15. Bb2
g6 16. c4 Nh5 17. cxb5 axb5 18. Bd3 c6 19. dxe5 dxe5 20. Nb3 Qb6 21. Bf1 Rad8
22. Qc2 f6 23. Rac1 Nf4 24. Red1 Ne6 25. Qe2 h5 26. Nh4 Kh7 27. Qf3 Bg7 28. Nf5
Ng5 29. Qe2 gxf5 30. Qxh5+ Bh6 31. h4 Rg8 32. hxg5 Rxg5 33. Qh3 Nf8 34. exf5 Bc8
35. Rxd8 Qxd8 36. Qd3 Qe8 37. Qd6 Bxf5 38. Qxc6 Qh5 39. Qd5 Rg7 40. Qd1 Qh4 41.
Rc3 Ne6 42. Bc1 Nf4 43. Bxf4 Bxf4 44. g3 Bxg3 45. fxg3 Rxg3+ 46. Rxg3 Qxg3+ 47.
Bg2 Qe3+ 48. Kh1 Qh6+ 49. Kg1 Qe3+ 50. Kh1 Qh6+ 51. Kg1 1/2-1/2